Online
Catalog

La agonia del gran planeta tierra : (Record no. 22747)

MARC details
000 -CABECERA
campo de control de longitud fija 00777nam a2200229 u 4500
001 - NÚMERO DE CONTROL
campo de control 000023250
003 - IDENTIFICADOR DEL NÚMERO DE CONTROL
campo de control OSt
005 - FECHA Y HORA DE LA ÚLTIMA TRANSACCIÓN
campo de control 20200930022104.0
008 - DATOS DE LONGITUD FIJA--INFORMACIÓN GENERAL
campo de control de longitud fija 101201s1985 xxu 000 0 spa d
020 ## - NÚMERO INTERNACIONAL ESTÁNDAR DEL LIBRO
Número Internacional Estándar del Libro 0829714138
040 ## - FUENTE DE LA CATALOGACIÓN
Centro catalogador/agencia de origen DO-SdBNP
Lengua de catalogación spa
Centro/agencia transcriptor BNPHU
082 ## - NÚMERO DE LA CLASIFICACIÓN DECIMAL DEWEY
Número de clasificación 133.3
Número de documento/Ítem L752L
100 1# - ENTRADA PRINCIPAL--NOMBRE DE PERSONA
Nombre de persona Lindsey, Hal.
9 (RLIN) 47883
245 13 - MENCIÓN DE TÍTULO
Título La agonia del gran planeta tierra :
Resto del título penetrante mirada a las increibles profecías bíblicas referentes a nuestros tiempos /
Mención de responsabilidad, etc. Hal Lindsey y C. C. Carlson ; traducción M. Francisco Liévano R.
260 ## - PUBLICACIÓN, DISTRIBUCIÓN, ETC.
Lugar de publicación, distribución, etc. Miami, Florida :
Nombre del editor, distribuidor, etc. Editorial Vida,
Fecha de publicación, distribución, etc. 1985.
300 ## - DESCRIPCIÓN FÍSICA
Extensión 254 p. ;
Dimensiones 18 cm.
650 #4 - PUNTO DE ACCESO ADICIONAL DE MATERIA--TÉRMINO DE MATERIA
Término de materia o nombre geográfico como elemento de entrada Sueños
9 (RLIN) 41871
700 1# - PUNTO DE ACCESO ADICIONAL--NOMBRE DE PERSONA
Nombre de persona Carlson, C. C.
9 (RLIN) 47884
700 1# - PUNTO DE ACCESO ADICIONAL--NOMBRE DE PERSONA
Nombre de persona Liévano R., M. Francisco,
Término indicativo de función/relación tr.
9 (RLIN) 41134
942 ## - ELEMENTOS DE PUNTO DE ACCESO ADICIONAL (KOHA)
Fuente del sistema de clasificación o colocación Dewey Decimal Classification
Tipo de ítem Koha Libros y folletos
956 ## - LOCALIZACIÓN Y ACCESO ELECTRÓNICOS LOCAL (OCLC)
Nombre del host LOPEREZ
Holdings
Estado de retiro Estado de pérdida Fuente del sistema de clasificación o colocación No para préstamo Código de colección Localización permanente Ubicación/localización actual Ubicación en estantería Fecha de adquisición Número de inventario Total de préstamos Signatura topográfica completa Código de barras Fecha visto por última vez Precio válido a partir de Tipo de ítem Koha Restricciones de uso
    Dewey Decimal Classification   Monografías: Libros y Folletos General General En catalogación 01.12.2010 LF1   133.3 L752L 23250-10 25.06.2020 25.06.2020 Préstamo en sala  
        Monografías: Libros y Folletos General General Orden iniciada 10.04.2017 LF1   133.3 L752L 23250-20 25.06.2020 25.06.2020 No se presta  

Powered by Koha